[Event "FIN Ch"]
[Site "Tampere"]
[Date "1991.??.??"]
[Round "4"]
[White "Rantanen, Yrjo A"]
[Black "Raaste, Eero J"]
[Result "1/2-1/2"]
[WhiteElo "2415"]
[BlackElo "2370"]
[PlyCount "48"]
[EventDate "1991.??.??"]
[Source "www.chesslib.no"]
[SourceDate "2004.05.04"]

1. d4 d5 2. c4 e6 3. Nf3 c5 4. cxd5 exd5 5. g3 c4 6. Bg2 Bb4+ 7. Nc3 Ne7 8. O-O Nbc6 9. Bd2 O-O 10. b3 Qa5 11. Qe1 cxb3 12. axb3 Qd8 13. Na4 a5 14. Bxb4 Nxb4 15. Qd2 Bf5 16. Rfc1 Qd6 17. Nh4 Be6 18. Nc5 b6 19. Nxe6 fxe6 20. Bh3 Rac8 21. Qe3 Nf5 22. Bxf5 Rxc1+ 23. Rxc1 exf5 24. Nf3 Na2 1/2-1/2

[Event "AZE-ch"]
[Site "AZE"]
[Date "1999.??.??"]
[Round "11"]
[White "Abbasov, Farid"]
[Black "Guseinov, Aidyn"]
[Result "0-1"]
[WhiteElo "2290"]
[BlackElo "2492"]
[PlyCount "64"]
[EventDate "1999.??.??"]
[Source "www.chesslib.no"]
[SourceDate "2004.05.04"]

1. Nf3 d5 2. d4 e6 3. c4 c5 4. cxd5 exd5 5. Nc3 Nc6 6. g3 c4 7. Bg2 Bb4 8. O-O Nge7 9. Ne5 O-O 10. e4 dxe4 11. Nxc6 bxc6 12. Nxe4 Be6 13. a3 Ba5 14. Nc5 Bd5 15. Bh3 Ng6 16. Qh5 Re8 17. Nb7 Qc7 18. Nxa5 Qxa5 19. Bd7 Re1 20. Be3 Rxa1 21. Rxa1 Qb5 22. Qe2 Rb8 23. Rb1 Qb3 24. Bf5 c3 25. Bc1 Bc4 26. Qe1 c2 27. Ra1 Qf3 28. Bxc2 Bd5 29. Kf1 f5 30. Qe3 Qh1+ 31. Ke2 Kf7 32. Kd3 Re8 0-1

[Event "It (Open) Dubai UAE"]
[Site "?"]
[Date "2006.04.28"]
[Round "6"]
[White "Sturua Zurab"]
[Black "Somoff Abdo"]
[Result "1-0"]
[WhiteElo "2524"]
[BlackElo "2256"]
[PlyCount "79"]
[EventDate "2006.??.??"]
[Source "www.chesslib.no"]
[SourceDate "2004.05.04"]

1. c4 e6 2. Nc3 Nf6 3. d4 d5 4. Nf3 c5 5. cxd5 exd5 6. g3 Nc6 7. Bg2 h6 8. O-O Be7 9. b3 O-O 10. Bb2 Be6 11. Rc1 Rc8 12. dxc5 Bxc5 13. Na4 Be7 14. Ne1 b6 15. Nd3 Bd6 16. Rc2 Qe7 17. Qa1 Nd4 18. Rd2 Nc2 19. Qd1 Nb4 20. Nc3 Rfd8 21. Nb5 Ne4 22. Nxd6 Qxd6 23. Nxb4 Qxb4 24. Rd4 Qe7 25. Qd3 f5 26. Rd1 Rd7 27. f3 Nc5 28. Qe3 Qf7 29. R4d2 Rf8 30. Qf4 Rc8 31. Bf1 Rdc7 32. e3 Re8 33. Rc2 Rce7 34. Ba3 Bd7 35. Bxc5 bxc5 36. Rxc5 g5 37. Qd4 Rxe3 38. Rxd5 Bc6 39. Rd6 Qb7 40. Qc4+ 1-0

[Event "It (Men) Mataro ESP"]
[Site "?"]
[Date "2005.01.02"]
[Round "6"]
[White "Vidarte Morales Arturo"]
[Black "Munoz Pantoja Miguel"]
[Result "1/2-1/2"]
[WhiteElo "2375"]
[BlackElo "2404"]
[PlyCount "22"]
[EventDate "2005.??.??"]
[Source "www.chesslib.no"]
[SourceDate "2004.05.04"]

1. c4 c5 2. Nf3 Nc6 3. Nc3 e6 4. d4 d5 5. cxd5 exd5 6. g3 Nf6 7. Bg2 cxd4 8. Nxd4 Bb4 9. O-O Bxc3 10. bxc3 O-O 11. Be3 Bg4 1/2-1/2

[Event "V Breizh Masters GM"]
[Site "Guingamp FRA"]
[Date "2007.02.19"]
[Round "4"]
[White "Eliet, N."]
[Black "Terrieux, K."]
[Result "1-0"]
[WhiteElo "2440"]
[BlackElo "2332"]
[PlyCount "55"]
[EventDate "2007.02.16"]
[Source "www.chesslib.no"]
[SourceDate "2004.05.04"]

1. c4 c5 2. g3 e6 3. Bg2 d5 4. cxd5 exd5 5. d4 Nf6 6. Nf3 Nc6 7. Nc3 Be6 8. O-O h6 9. b3 Ne4 10. Bb2 a6 11. dxc5 Nxc5 12. Na4 Nxa4 13. bxa4 Qd7 14. Nd4 O-O-O 15. Rc1 Kb8 16. Nxc6+ bxc6 17. Qb3+ Kc7 18. Bd4 Rb8 19. Qd3 f6 20. Qxa6 Bb4 21. a5 Kd6 22. e4 Rb5 23. a4 Rxa5 24. Qb6 Rxa4 25. Bc5+ Bxc5 26. Qxc5+ Kc7 27. exd5 Bg4 28. Qb5 1-0

[Event "Wattens op 13th"]
[Site "Wattens"]
[Date "1998.??.??"]
[Round "3"]
[White "Kleissl, Helmut"]
[Black "Schmittdiel, Eckhard"]
[Result "1/2-1/2"]
[WhiteElo "2300"]
[BlackElo "2470"]
[PlyCount "151"]
[EventDate "1998.??.??"]
[Source "www.chesslib.no"]
[SourceDate "2004.05.04"]

1. c4 e6 2. g3 Nf6 3. Bg2 d5 4. d4 c5 5. cxd5 exd5 6. Nf3 Nc6 7. Nc3 Bg4 8. dxc5 Bxc5 9. O-O d4 10. Na4 Be7 11. h3 Bf5 12. Bg5 O-O 13. Rc1 Rc8 14. Nc5 b6 15. Nh4 Bxc5 16. Nxf5 h6 17. Bh4 Ne5 18. b4 Bxb4 19. Nxh6+ gxh6 20. Rxc8 Qxc8 21. Bxf6 Qc5 22. e3 Qd6 23. Qxd4 Qxf6 24. Qxb4 Rd8 25. f4 Nd3 26. Qc4 Nb2 27. Qc2 b5 28. Qc6 Qxc6 29. Bxc6 b4 30. e4 Rd3 31. Kf2 Rd2+ 32. Kf3 Nd1 33. Bd5 Nc3 34. Rf2 Rd3+ 35. Kg4 Nxd5 36. exd5 Rxd5 37. Re2 Rd3 38. Rg2 a5 39. h4 Kg7 40. Kf5 Re3 41. g4 a4 42. Rb2 b3 43. axb3 axb3 44. h5 Rc3 45. g5 Rc5+ 46. Ke4 Rb5 47. Kd4 hxg5 48. fxg5 Rxg5 49. Rxb3 Rxh5 50. Ke4 Kg6 51. Kf4 Rh4+ 52. Kg3 Rc4 53. Kf3 Kg5 54. Ra3 f5 55. Rb3 Rf4+ 56. Kg3 Rg4+ 57. Kf3 Rh4 58. Kg3 f4+ 59. Kg2 Rh8 60. Ra3 Kg4 61. Rb3 Rc8 62. Ra3 Rc2+ 63. Kf1 Rb2 64. Rc3 Rh2 65. Kg1 Re2 66. Kf1 Rd2 67. Ra3 Rc2 68. Rb3 Ra2 69. Rc3 Kf5 70. Rb3 Rh2 71. Ra3 Rh7 72. Kf2 Kg4 73. Kg2 Re7 74. Kf2 Rb7 75. Rc3 Rb4 76. Ra3 1/2-1/2

[Event "CZE Ch"]
[Site "Olomouc CZE"]
[Date "1995.??.??"]
[Round "?"]
[White "Stocek, Jiri"]
[Black "Bazant, Petr sr"]
[Result "1-0"]
[WhiteElo "2480"]
[BlackElo "2285"]
[PlyCount "119"]
[EventDate "1995.??.??"]
[Source "www.chesslib.no"]
[SourceDate "2004.05.04"]

1. d4 d5 2. c4 e6 3. Nf3 c5 4. cxd5 exd5 5. Nc3 Nc6 6. g3 c4 7. Bg2 Bb4 8. O-O Nge7 9. e4 O-O 10. exd5 Nxd5 11. Bg5 Qa5 12. Nxd5 Qxd5 13. a3 Ba5 14. Ne5 Qb5 15. a4 Qa6 16. Ng4 Bd8 17. Bf4 Nb4 18. Bd2 Nc6 19. d5 Bxg4 20. Qxg4 Ne5 21. Qe4 Bf6 22. Bc3 Nd7 23. Bxf6 Nxf6 24. Qd4 Rfd8 25. Rfd1 Rd6 26. Rac1 Qxa4 27. Rxc4 Qd7 28. Qc3 Ne8 29. Re1 Rd8 30. Rce4 Nf6 31. Re7 Qb5 32. Qc7 R6d7 33. Rxd7 Qxd7 34. Re7 Qxc7 35. Rxc7 Rb8 36. d6 Kf8 37. d7 Rd8 38. Bh3 b6 39. Rxa7 Ke7 40. Rb7 Nd5 41. Kf1 Kd6 42. Bg2 Kc6 43. Bxd5+ Kxd5 44. Rxb6 Rxd7 45. Rb3 Ke4 46. Ke2 h5 47. Re3+ Kf5 48. b4 Rb7 49. Rb3 Kg4 50. h4 Rb5 51. Kd3 f6 52. Kc4 Rb8 53. f4 Rc8+ 54. Kd5 Rb8 55. b5 g5 56. fxg5 fxg5 57. hxg5 Rg8 58. b6 Rxg5+ 59. Kd6 Rg6+ 60. Kc7 1-0

[Event "Wiesbaden Open"]
[Site "Wiesbaden GER"]
[Date "1988.??.??"]
[Round "6"]
[White "Hoffmann, Hans"]
[Black "Shirazi, Kamran G"]
[Result "1-0"]
[WhiteElo "2300"]
[BlackElo "2455"]
[PlyCount "137"]
[EventDate "1988.??.??"]
[Source "www.chesslib.no"]
[SourceDate "2004.05.04"]

1. c4 Nf6 2. Nf3 e6 3. g3 d5 4. Bg2 c5 5. O-O Nc6 6. cxd5 exd5 7. d4 Be6 8. Nc3 Be7 9. dxc5 Bxc5 10. Bg5 Be7 11. Nd4 O-O 12. e3 Qd7 13. Nce2 Rad8 14. Rc1 h6 15. Bf4 Nh5 16. Nxc6 bxc6 17. Be5 c5 18. b3 g6 19. Qd2 d4 20. exd4 f6 21. Bf4 Nxf4 22. Nxf4 Bf7 23. Qc2 cxd4 24. Nxg6 d3 25. Nxe7+ Qxe7 26. Qd2 Qe2 27. Rcd1 Qxd2 28. Rxd2 Rd4 29. Rc1 Re8 30. Bf1 Bg6 31. f3 Kf7 32. Kf2 Re5 33. Rc7+ Ke6 34. f4 Ra5 35. Rc6+ Ke7 36. Rc3 Rad5 37. Bg2 Rd7 38. Rc4 Rxc4 39. bxc4 Bf7 40. Bd5 Bxd5 41. cxd5 Rxd5 42. Ke3 Ra5 43. Kxd3 Ra3+ 44. Kc4 h5 45. Kb4 Rf3 46. a4 h4 47. Rg2 h3 48. Rc2 Rf1 49. Rc7+ Kd6 50. Rh7 Rb1+ 51. Kc3 Ra1 52. Kb3 Kc5 53. Rxh3 Rb1+ 54. Kc2 Ra1 55. a5 Kb4 56. Rh5 Ra2+ 57. Kd3 f5 58. Rxf5 Rxh2 59. a6 Ra2 60. Rg5 Rxa6 61. g4 Ra3+ 62. Ke4 a5 63. Rg8 Rg3 64. g5 a4 65. Ra8 a3 66. Kf5 Rc3 67. g6 Rc5+ 68. Kg4 Ra5 69. Rxa5 1-0

[Event "HUN Team Ch 9394"]
[Site "HUN"]
[Date "1994.??.??"]
[Round "?"]
[White "Horvath, Csaba"]
[Black "Donka, Peter"]
[Result "1-0"]
[WhiteElo "2535"]
[BlackElo "2220"]
[PlyCount "91"]
[EventDate "1993.??.??"]
[Source "www.chesslib.no"]
[SourceDate "2004.05.04"]

1. d4 d5 2. c4 e6 3. Nf3 c5 4. cxd5 exd5 5. g3 c4 6. Bg2 Bb4+ 7. Nc3 Nc6 8. O-O Nge7 9. e4 O-O 10. exd5 Nxd5 11. Qc2 Nde7 12. Ne4 Bf5 13. Nh4 Rc8 14. Nf6+ Kh8 15. Nxf5 Nxf5 16. Qxf5 Qxf6 17. Qxf6 gxf6 18. Be3 c3 19. Rab1 c2 20. Rbc1 Na5 21. Be4 Rfe8 22. Bf5 Rc7 23. a3 Bd6 24. Rxc2 Rxc2 25. Bxc2 Nc4 26. Bc1 Rc8 27. Bf5 Rc6 28. Bh6 Rc7 29. Re1 Re7 30. Rc1 Rc7 31. Rc2 b5 32. Bd3 a5 33. a4 Nb6 34. Rxc7 Bxc7 35. Bxb5 Nd5 36. Bc4 Nb6 37. b3 Kg8 38. Kg2 f5 39. Kf3 Nd7 40. Bd3 Bb6 41. Bxf5 Nf6 42. Ke3 Nd5+ 43. Kd3 Ne7 44. Bd7 f6 45. Be6+ Kh8 46. Kc4 1-0

[Event "It (open)"]
[Site "Callao (Peru)"]
[Date "2007.08.13"]
[Round "8"]
[White "Barrientos Sergio (COL)"]
[Black "Cornejo Max (PER)"]
[Result "0-1"]
[WhiteElo "2417"]
[BlackElo "2338"]
[PlyCount "79"]
[EventDate "2007.??.??"]
[Source "www.chesslib.no"]
[SourceDate "2004.05.04"]

1. d4 d5 2. c4 e6 3. Nf3 c5 4. cxd5 exd5 5. Nc3 Nc6 6. g3 c4 7. Bg2 Bb4 8. O-O Nge7 9. Ne5 O-O 10. Qa4 Ba5 11. Rd1 Bb6 12. Bf4 f6 13. Nxc6 bxc6 14. b3 cxb3 15. Qxb3 Ba6 16. e4 Bc4 17. Qc2 Qd7 18. Na4 Rad8 19. Rab1 Nc8 20. Nc5 Qf7 21. a4 Nd6 22. Rbc1 Bxc5 23. dxc5 Nb7 24. Be3 Rd7 25. Qc3 Rfd8 26. Qb4 d4 27. Bf4 Be2 28. Rd2 d3 29. Be3 Re8 30. Re1 Nd8 31. Qc3 Rb7 32. Rb2 Rxb2 33. Qxb2 Qc7 34. Qc3 Ne6 35. Bf1 Bxf1 36. Rxf1 Qd7 37. Rd1 Rd8 38. Qc4 Kh8 39. Kg2 h6 40. h4 0-1

[Event "ch-CUB, Las Tunas"]
[Site "Las Tunas"]
[Date "1996.??.??"]
[Round "?"]
[White "Cruz Lima, J."]
[Black "Vera, R."]
[Result "0-1"]
[WhiteElo "2260"]
[BlackElo "2495"]
[PlyCount "50"]
[EventDate "1996.??.??"]
[Source "www.chesslib.no"]
[SourceDate "2004.05.04"]

1. Nf3 c5 2. c4 Nc6 3. Nc3 e6 4. g3 d5 5. cxd5 exd5 6. d4 c4 7. Bg2 Bb4 8. O-O Nge7 9. a3 Bxc3 10. bxc3 O-O 11. Nd2 Be6 12. f3 Qd7 13. Re1 b5 14. e4 f5 15. Bb2 Rae8 16. exd5 Bxd5 17. a4 b4 18. Bf1 bxc3 19. Bxc3 f4 20. g4 Ng6 21. Bxc4 Rxe1+ 22. Qxe1 Bxc4 23. Nxc4 Nxd4 24. Qe4 Nh4 25. Ne5 Ndxf3+ 0-1

[Event "FRA Ch"]
[Site "Val Thorens FRA"]
[Date "1988.??.??"]
[Round "5"]
[White "Bernard, Christophe"]
[Black "Miralles, Gilles"]
[Result "1-0"]
[WhiteElo "2320"]
[BlackElo "2430"]
[PlyCount "81"]
[EventDate "1988.??.??"]
[Source "www.chesslib.no"]
[SourceDate "2004.05.04"]

1. Nf3 d5 2. d4 c5 3. c4 e6 4. cxd5 exd5 5. Nc3 Nc6 6. g3 c4 7. Bg2 Bb4 8. O-O Nge7 9. e4 O-O 10. exd5 Nxd5 11. Bg5 Qa5 12. Nxd5 Qxd5 13. a3 Ba5 14. Ne5 Qb5 15. a4 Qa6 16. Nxc6 bxc6 17. Qc2 Be6 18. Rfc1 Qb7 19. Bf1 Rac8 20. Bxc4 Bxc4 21. Qxc4 h6 22. Be3 Qxb2 23. Rab1 Qa3 24. Qc5 Qxc5 25. Rxc5 Bb6 26. Rc4 Rfd8 27. Rbc1 Rd6 28. Ra1 Kf8 29. a5 Bd8 30. Bd2 Rd5 31. Bb4+ Be7 32. a6 Rb5 33. Bd2 Ke8 34. Be3 Rd5 35. Kg2 Kd7 36. h4 Bd8 37. Rc5 Bb6 38. Rc4 h5 39. Kf3 Re8 40. Raa4 Re6 41. Rcb4 1-0

[Event "Moscow-C"]
[Site "Moscow"]
[Date "1996.??.??"]
[Round "?"]
[White "Ukolov, Aleksandr"]
[Black "Semenov, Valeri"]
[Result "0-1"]
[WhiteElo "2375"]
[BlackElo "2375"]
[PlyCount "112"]
[EventDate "1996.??.??"]
[Source "www.chesslib.no"]
[SourceDate "2004.05.04"]

1. d4 d5 2. c4 e6 3. Nf3 c5 4. cxd5 exd5 5. g3 Nc6 6. Bg2 c4 7. Nc3 Bb4 8. O-O Nge7 9. Ne5 O-O 10. Nxc6 bxc6 11. e4 Be6 12. Bg5 f6 13. Bd2 Rb8 14. Re1 Bf7 15. e5 fxe5 16. dxe5 Bc5 17. Rf1 Rxb2 18. Na4 Rb5 19. Nxc5 Rxc5 20. e6 Bg6 21. Bc3 Ra5 22. a4 Qb6 23. Qe1 Ra6 24. Qe5 Rf6 25. Qd6 Nf5 26. Qd7 d4 27. e7 Nd6 28. Qd8+ Be8 29. Bxd4 Qxd4 30. Rad1 Qc5 31. Rxd6 Kf7 32. Rxf6+ gxf6 33. Re1 Rb6 34. Qd2 Kg7 35. Qe2 c3 36. h4 h5 37. Qe3 Qxe3 38. fxe3 Kf7 39. Rc1 Rb3 40. Be4 Kxe7 41. Kf2 Ra3 42. Bc2 c5 43. e4 Ke6 44. Ke3 Ke5 45. Rd1 Bc6 46. Rd8 Ra2 47. Rc8 Kd6 48. Kd3 Bxe4+ 49. Kxe4 Rxc2 50. Rd8+ Kc6 51. Rc8+ Kb6 52. Rb8+ Kc7 53. Rb3 Kc6 54. Kf5 c4 55. Rb4 Kc5 56. Rb5+ Kd4 0-1

[Event "St Petersburg op2"]
[Site "St Petersburg"]
[Date "1994.??.??"]
[Round "8"]
[White "Neverov, Valeriy"]
[Black "Rychagov, Andrey"]
[Result "1-0"]
[WhiteElo "2470"]
[BlackElo "2270"]
[PlyCount "81"]
[EventDate "1994.10.??"]
[Source "ChessBase"]

1. d4 e6 2. c4 d5 3. Nc3 c5 4. cxd5 exd5 5. Nf3 Nc6 6. g3 c4 7. Bg2 Bb4 8. O-O Nge7 9. Ne5 O-O 10. Bg5 f6 11. Nxc6 bxc6 12. Bd2 Rb8 13. Na4 Nf5 14. b3 Bxd2 15. Qxd2 cxb3 16. axb3 Rxb3 17. Rfc1 Qd6 18. Nc5 Rb5 19. Rxa7 Qb8 20. Ra2 Rb4 21. e3 Nd6 22. Bf1 Rb1 23. Bd3 Rxc1+ 24. Qxc1 Bh3 25. Qc2 h6 26. Qd1 Qc8 27. Ra7 Rf7 28. Ra6 Rc7 29. Qh5 Bf5 30. Bxf5 Nxf5 31. Qg4 Nd6 32. Qf4 Nb5 33. Kg2 Re7 34. h4 Qe8 35. Rb6 Nc7 36. Qd6 Qf7 37. Rb7 Kh7 38. Na6 Re6 39. Qxc7 Qg6 40. Nc5 Rxe3 41. Qxg7+ 1-0

[Event "YUG-ch op"]
[Site "?"]
[Date "1996.??.??"]
[Round "9"]
[White "Raicevic Ivica"]
[Black "Zhukova Natalia"]
[Result "1-0"]
[WhiteElo "2375"]
[BlackElo "2355"]
[PlyCount "80"]
[EventDate "1996.??.??"]
[Source "www.chesslib.no"]
[SourceDate "2004.05.04"]

1. c4 e6 2. Nc3 d5 3. d4 c5 4. cxd5 exd5 5. Nf3 Nc6 6. g3 c4 7. Bg2 Bb4 8. O-O Nge7 9. e4 dxe4 10. Nxe4 O-O 11. a3 Ba5 12. Qa4 Bg4 13. Be3 Nf5 14. Qxc4 Bxf3 15. Bxf3 Ncxd4 16. Bxd4 Nxd4 17. Qd3 Nxf3+ 18. Qxf3 Qe7 19. b4 Bb6 20. Nc3 a5 21. Rfe1 Qf6 22. Qxf6 gxf6 23. Rad1 axb4 24. axb4 Ra3 25. Nd5 Ba7 26. Nxf6+ Kh8 27. Rd2 Rb3 28. Re4 Kg7 29. Rd6 Rf3 30. Nh5+ Kh8 31. Rd2 Rc8 32. Kg2 Rf5 33. g4 Rb5 34. Rd7 Kg8 35. Ree7 Rxb4 36. Rxf7 Rxg4+ 37. Kf3 Rg6 38. Nf6+ Rxf6+ 39. Rxf6 Rc2 40. Kg3 Bb8+ 1-0

[Event "Hellir CC-ch"]
[Site "Reykjavik"]
[Date "1996.??.??"]
[Round "2"]
[White "Edvardsson, Kristjan"]
[Black "Arnason, Jon L"]
[Result "1-0"]
[WhiteElo "2190"]
[BlackElo "2535"]
[PlyCount "65"]
[EventDate "1996.??.??"]
[Source "www.chesslib.no"]
[SourceDate "2004.05.04"]

1. d4 d5 2. c4 e6 3. Nc3 c5 4. cxd5 exd5 5. Nf3 Nc6 6. g3 Be6 7. Bg2 Nf6 8. O-O Qb6 9. Na4 Qb5 10. dxc5 Bxc5 11. Nxc5 Qxc5 12. Be3 Qd6 13. Rc1 b6 14. Bf4 Qd7 15. Ne5 Nxe5 16. Bxe5 O-O 17. Bxf6 gxf6 18. Qd4 f5 19. Rfd1 Rad8 20. Rc2 Rc8 21. Rcd2 Rc4 22. Qxc4 dxc4 23. Rxd7 Bxd7 24. Rxd7 a6 25. Bd5 b5 26. Ra7 Kg7 27. f3 Kf6 28. Rxa6+ Ke5 29. Bc6 h5 30. Bxb5 Rc8 31. Rc6 Rg8 32. Rxc4 Kf6 33. a4 1-0

[Event "JUG Ch"]
[Site "Kladovo"]
[Date "1992.??.??"]
[Round "5"]
[White "Brkljaca, Ante"]
[Black "Stamenkovic, Zoran"]
[Result "1/2-1/2"]
[WhiteElo "2380"]
[BlackElo "2345"]
[PlyCount "37"]
[EventDate "1992.12.??"]
[Source "www.chesslib.no"]
[SourceDate "2004.05.04"]

1. d4 e6 2. c4 d5 3. Nf3 c5 4. cxd5 exd5 5. Nc3 Nc6 6. g3 c4 7. Bg2 Bb4 8. O-O Nge7 9. Ne1 Bf5 10. Nc2 Ba5 11. e4 dxe4 12. d5 Ne5 13. Ne3 Bxc3 14. Nxf5 Nxf5 15. bxc3 Nd6 16. Qd4 f6 17. Bxe4 O-O 18. Bg2 Nb5 19. Qe3 1/2-1/2

[Event "Chigorin mem"]
[Site "St Petersburg"]
[Date "1999.11.06"]
[Round "5"]
[White "Yarovik, Yuri"]
[Black "Kyprijanov, Ilija"]
[Result "1/2-1/2"]
[WhiteElo "2401"]
[BlackElo "2322"]
[PlyCount "86"]
[EventDate "1999.11.02"]
[Source "ChessBase"]
[SourceDate "2000.02.01"]

1. d4 d5 2. c4 e6 3. Nc3 c5 4. cxd5 exd5 5. Nf3 Nc6 6. g3 Be6 7. Bg2 Nf6 8. O-O Be7 9. dxc5 Bxc5 10. Na4 Be7 11. Be3 Ne4 12. Nd4 Nxd4 13. Bxd4 O-O 14. Nc3 Nxc3 15. Bxc3 Qd7 16. Qd3 Rfd8 17. Rfd1 Bf8 18. Qd4 Qb5 19. Rd2 Rd7 20. Rad1 Rad8 21. b3 b6 22. Qe5 Qc5 23. Bd4 Qc7 24. Bb2 Qxe5 25. Bxe5 f6 26. Bb2 Kf7 27. e3 Bc5 28. Bf3 Ke7 29. Kg2 Bf7 30. g4 Be6 31. h4 h6 32. h5 Bf7 33. Kg3 Bd6+ 34. Kh4 Bc5 35. Bg2 Be6 36. Rd3 Ke8 37. Bf3 Ke7 38. R3d2 Bf7 39. Kg3 Bd6+ 40. Kg2 Bc5 41. Bc3 a5 42. Bd4 Be6 43. Bc3 Kf8 1/2-1/2